<?xml version="1.0" encoding="UTF-8"?>
<record
    xmlns:xsi="http://www.w3.org/2001/XMLSchema-instance"
    xsi:schemaLocation="http://www.loc.gov/MARC21/slim http://www.loc.gov/standards/marcxml/schema/MARC21slim.xsd"
    xmlns="http://www.loc.gov/MARC21/slim">

  <leader>03140cab a2200361Ia 45 0</leader>
  <controlfield tag="001">u200571</controlfield>
  <controlfield tag="003">SIRSI</controlfield>
  <controlfield tag="008">120604s2004    ua     ss b         eng d</controlfield>
  <datafield tag="040" ind1=" " ind2=" ">
    <subfield code="a">EAL</subfield>
  </datafield>
  <datafield tag="041" ind1=" " ind2=" ">
    <subfield code="a">eng</subfield>
    <subfield code="b">ara</subfield>
  </datafield>
  <datafield tag="090" ind1=" " ind2=" ">
    <subfield code="a">ART ZJAR V31 No4A 12</subfield>
  </datafield>
  <datafield tag="100" ind1="1" ind2=" ">
    <subfield code="a">Bardisi, A.</subfield>
  </datafield>
  <datafield tag="240" ind1="1" ind2="0">
    <subfield code="a">Zagazig journal of agricultural research, 2004 v. 31 (4A)</subfield>
    <subfield code="h">[electronic resource].</subfield>
  </datafield>
  <datafield tag="245" ind1="1" ind2="0">
    <subfield code="a">Effect of mineral NP and biofertilizers on garlic under sandy soil conditions</subfield>
    <subfield code="h">[electronic resource]</subfield>
    <subfield code="b"> 2. yield, bulb quality and storability.</subfield>
  </datafield>
  <datafield tag="246" ind1="1" ind2="5">
    <subfield code="a">&#x62A;&#x623;&#x62B;&#x64A;&#x631; &#x627;&#x644;&#x62A;&#x633;&#x645;&#x64A;&#x62F; &#x627;&#x644;&#x645;&#x639;&#x62F;&#x646;&#x649; (NP) &#x648;&#x627;&#x644;&#x62D;&#x64A;&#x648;&#x649; &#x639;&#x644;&#x649; &#x627;&#x644;&#x62B;&#x648;&#x645; &#x62A;&#x62D;&#x62A; &#x638;&#x631;&#x648;&#x641; &#x627;&#x644;&#x623;&#x631;&#x636; &#x627;&#x644;&#x631;&#x645;&#x644;&#x64A;&#x629;..</subfield>
  </datafield>
  <datafield tag="300" ind1=" " ind2=" ">
    <subfield code="a">P. 1441-1462.</subfield>
  </datafield>
  <datafield tag="504" ind1=" " ind2=" ">
    <subfield code="a">Includes references.</subfield>
  </datafield>
  <datafield tag="520" ind1=" " ind2=" ">
    <subfield code="a">This experiment was carried out during two successive winter seasons of 2000-2001 and 2001-2002 at EL-Khattara Experimental Farm, Fac. Agric., Zagazig Univ., to study the effect of mineral NP (NP) and nitrobein (Nr) + phosphorein (pr) on yield, quality and storability of garlic under sandy soil conditions. Fertilization of garlic plants with 100% mineral NP in combination with 3kg Nr +1.8kg ~r recorded maximum yield of lit and 2Dd grades, total yield, exportable and marketable yield and average bulb weight, except yield of second grade in the 2Dd season since 100% NP + 4.5kg Nr +2.7 kg Pr recorded maximum yield of second grade while, Nr +Pr only at different rates .recorded minimum values. Application of 75 % NP and 4.5kg Nr +2.7 kg Pr and with4.5kg Nr +2.7 kg Pr only /fed gave the highest yield of third grade in the 1st and 2D seasons, respectively. While 75&#xB0;A. or SO NP with all biofertilizers levels only gave the highest yield of fourth grade in the lit and 2nd season. Application of 100% NP + 3kg Nr +1.8 kg Pr/fed recorded maximum values of N, P, K, total carbohydrates and total protein in bulbs, 100% NP + 4.5 kg Nr +2.7 kg Pr /fed recorded maximum values of nitrate content in bulbs, 75 % NP +4.5 kg Nr +2.7 kg Pr /fed recorded maximum values of volatile oil in bulbs and with Nr + Pr only at three levels recoded maximum total soluble sugars and pungency in bulbs. Fertilization of garlic with 100% NP +3kg Nr+l.8 kg Pr and with 100% NP +4.5 kg Nr +2.7 kg Pr gave the highest values of emaciation percentage in bulbs during storage in the lit and 2nd seasons, respectively. Also, 100% NP only or with all biofertilizers levels recorded maximum sprouting percentage in bulbs during storage in both seasons. Mineral NP at 100% + 3kg Nr +1.8 kg Pr /fed recorded maximum values of weight loss percentage in bulb.</subfield>
  </datafield>
  <datafield tag="546" ind1=" " ind2=" ">
    <subfield code="a">Summary in Arabic.</subfield>
  </datafield>
  <datafield tag="650" ind1=" " ind2="0">
    <subfield code="a">Garlic</subfield>
    <subfield code="x">Fertilizers.</subfield>
  </datafield>
  <datafield tag="650" ind1=" " ind2="0">
    <subfield code="a">Garlic</subfield>
    <subfield code="x">Storage.</subfield>
  </datafield>
  <datafield tag="650" ind1=" " ind2="0">
    <subfield code="a">Garlic</subfield>
    <subfield code="x">Yields.</subfield>
  </datafield>
  <datafield tag="650" ind1=" " ind2="0">
    <subfield code="a">Sandy soils.</subfield>
  </datafield>
  <datafield tag="650" ind1=" " ind2="0">
    <subfield code="a">Garlic</subfield>
    <subfield code="x">Quality.</subfield>
  </datafield>
  <datafield tag="650" ind1=" " ind2="0">
    <subfield code="a">Nitrogen fertilizers.</subfield>
  </datafield>
  <datafield tag="650" ind1=" " ind2="0">
    <subfield code="a">Biofertilizers.</subfield>
  </datafield>
  <datafield tag="700" ind1="1" ind2=" ">
    <subfield code="a">El-Mansi, A. A.</subfield>
  </datafield>
  <datafield tag="700" ind1="1" ind2=" ">
    <subfield code="a">Fayad, A. N.</subfield>
  </datafield>
  <datafield tag="700" ind1="1" ind2=" ">
    <subfield code="a">Abou El-Khair, E. E.</subfield>
  </datafield>
  <datafield tag="773" ind1="0" ind2=" ">
    <subfield code="t">Zagazig Journal of Agricultural Research. </subfield>
    <subfield code="g">2004.v.31(4A)</subfield>
    <subfield code="x">1110-0338</subfield>
    <subfield code="7">nnas</subfield>
    <subfield code="w">u158356</subfield>
  </datafield>
  <datafield tag="856" ind1="4" ind2="0">
    <subfield code="u">http://nile.enal.sci.eg/EALE/2004/ZJAR/3104/4A/1441.pdf</subfield>
    <subfield code="z">Full Text Article.</subfield>
  </datafield>
  <datafield tag="596" ind1=" " ind2=" ">
    <subfield code="a">1</subfield>
  </datafield>
  <datafield tag="942" ind1=" " ind2=" ">
    <subfield code="c">AR</subfield>
    <subfield code="2">lcc</subfield>
  </datafield>
  <datafield tag="999" ind1=" " ind2=" ">
    <subfield code="c">53043</subfield>
    <subfield code="d">53043</subfield>
  </datafield>
</record>
